| 000 | 01015nam a22002417a 4500 | ||
|---|---|---|---|
| 005 | 20240530110626.0 | ||
| 008 | 170105s2015 ua g b 000 0 ara d | ||
| 017 |
_a2014/20684 _bمصر. دار الكتب |
||
| 020 | _a9789773192037 | ||
| 040 |
_aEG-CaGPL _cEG-CaGPL |
||
| 082 | 0 | 4 |
_221 _a327.1\ _bم ح |
| 100 | 0 | _aمالك محسن العيساوى | |
| 245 | 1 | 2 |
_aالحروب بالوكالة : _bادارة الازمة الدولية فى الاستراتيجية الامريكية / _cمالك محسن العيساوى |
| 250 | _aط. 1 | ||
| 260 |
_aالقاهرة : _bالعربى للنشر و التوزيع ، _c2014. |
||
| 300 |
_a240 ص. ؛ _c24 سم. |
||
| 650 | 0 | 7 |
_2qrmak _aالنزاع العربى الاسرائيلى |
| 650 | 0 | 7 |
_2qrmak _aالصراع السياسى |
| 651 | 0 | 7 |
_2qrmak _aالولايات المتحدة الامريكية _xالاحوال السياسية |
| 653 | 0 | 4 | _aالازمات الدولية |
| 942 |
_2ddc _cBK |
||
| 999 |
_c63164 _d63164 |
||